El trabajo intelectual : entre modernización y la identidad? /

La pregunta por el papel de los intelectuales chilenos puede ser respondida, desde la perspectiva de quien trabaja en historia del pensamiento, diciendo que ellos se han movido en búsqueda de la identidad y la modernización.

Bibliographic Details
Main Author: Devés, Eduardo 1951
Format: Analitica de revista
Language:Spanish
Published: Santiago, Chile SUR 1994
Subjects:

MARC

LEADER 00000cab a2200000 a 4500
001 037758
003 UAHC_CL
005 20171130162302.0
008 140120s1994 cl 000 spa
952 |0 0  |1 0  |4 0  |6 PROPOSICIONES_24_94_000000000000000  |7 0  |8 COMP  |9 71774  |a BC  |b BC  |c COMP  |d 2017-08-03  |l 0  |o PROPOSICIONES-24/94  |r 2017-08-03 00:00:00  |t 1  |w 2017-08-03  |y REVA 
999 |c 37758  |d 37758 
040 |a UAHC_CL  |c UAHC_CL  |d UAHC_CL 
100 1 |a Devés, Eduardo  |d 1951 
245 1 3 |a El trabajo intelectual :  |b entre modernización y la identidad? /  |c Eduardo Devés. 
260 |b SUR  |c 1994  |a Santiago, Chile 
300 |a pp. 339-340 
310 |a Anual. 
362 0 |a Año 1, no. 1 (nov. 2002)- . 
500 |a En: Proposiciones. no. 24, 1994. pp. 339-340. ISSN. 956208051X. 
520 |a La pregunta por el papel de los intelectuales chilenos puede ser respondida, desde la perspectiva de quien trabaja en historia del pensamiento, diciendo que ellos se han movido en búsqueda de la identidad y la modernización. 
650 4 |a MODERNIZACION  |z CHILE 
651 4 |a CHILE  |x VIDA INTELECTUAL 
900 |a PROPOSICIONES-24/94 
942 |c REVA  |2 ddc